01495cam a22003974a 45000010008000000030005000080050017000130060019000300070015000490080041000640200023001050200015001280350026001430400027001690420008001960500027002040500017002310820014002482100036002622450110002982600047004083000008004554400014004635040051004775060043005286500056005716500062006277000026006897000023007157730043007388560125007819100031009069420012009379990019009499520129009687918383ASAB20180827062530.0m d cr n 030922s2004 nju sbf 001 0 eng d a047185199X (cloth) a047185199X a(WaSeSS)ssj0000354954 aDLCcDLCdASABdWaSeSS apcc 4aTP248.27.P55bH43 2004 4aTP248.27.P5500a660.622210aHandbook of plant biotechnology00aHandbook of plant biotechnologyh[electronic resource] /ceditors in chief, Paul Christou and Harry Klee. aHoboken, N.J. :bJohn Wiley & Sons,c2004. a738 v1&291048 aIncludes bibliographical references and index. aLicense restrictions may limit access. 0aPlant biotechnologyvHandbooks, manuals, etc.91049 0aPlant genetic engineeringvHandbooks, manuals, etc.910501 aChristou, Paul.910511 aKlee, Harry.91052 0tWiley-Blackwell Online Reference Works40uhttp://www.columbia.edu/cgi-bin/cul/resolve?clio7918383zFull text available from Wiley-Blackwell Online Reference Works aLibrary of Congress record 2ddccBK c479731d479731 00102ddc40708NFICaASABbASABd2015-09-02l1o660.6 CHRpASAB2249r2018-07-06s2015-10-05tvolume 1 of 2w2015-09-02yBK